000 00578nam a22001932 4500
001 0000011679
005 20151217155845.0
008 081222s xx 000 0 eng d
040 _aKABU
_cKABU
100 1 _aDe Watteville, Vivienne.
_@0000148716
245 1 0 _aOut in the blue /
_cVivienne De Watteville.
250 _a1st ed.
260 _aLondon :
_bMethuen,
_c1927.
300 _axvi, 254 p.
651 0 _aAfrica, Central
_xDescription and travel.
_@0000148674
852 1 _9p500 KES
908 _a081222
950 _@1
999 _c13324
_d13324